| 000 | 00728cam a2200241 a 4500 | ||
|---|---|---|---|
| 001 | 1355163 | ||
| 005 | 20180222042735.0 | ||
| 008 | 800925t19811976nyu b 001 0 eng | ||
| 010 | _a 80024604 | ||
| 020 |
_a0814787576 : _c$20.00 |
||
| 020 |
_a0814787584 (pbk.) : _c$7.00 |
||
| 040 |
_aDLC _cDLC _dDLC |
||
| 041 | 1 | _aengger | |
| 080 | _a330.1 | ||
| 082 | 0 | 0 |
_a330.1 MIS _219 |
| 100 | 1 | _a52 | |
| 101 | _aEKO | ||
| 240 | 1 | 0 |
_a[Grundprobleme der Nationalökonomie. _lEnglish] |
| 245 | 1 | 0 |
_aEpistemological problems of economics / _cby Ludwig von Mises ; translated by George Reisman. |
| 504 | _aIncludes bibliographical references and index. | ||
| 906 |
_a7 _bcbc _corignew _du _eocip _f19 _gy-gencatlg |
||
| 942 |
_2ddc _cBK |
||
| 999 |
_c43146 _d43146 |
||